000 00973nam a2200301Ia 4500
001 Z_5436
003 CHAP
008 220113s2006 xx 000 0 und d
010 _a168509
040 _cCHAP
090 _aTesis C 1951
100 _aChávez Cornejo, Raúl
_922685
245 _aEstudio de la relación entre la condición corporal, producción, composición de la leche y células somáticas en vaquillas lecheras /
_cRaúl Chávez Cornejo y Francisco Cruz Espinoza
260 _aChapingo, Méx. :
_bEl autor,
_c2006
300 _a96 h.
502 _aTesis (Ing. Agr. Esp. en Zootecnia) -- UACH. Departamento de Zootecnia
650 _aCondición corporal
_926335
650 _aGanado lechero
_945237
650 _aLeche
_x Composición
_965363
650 _aLeche
_xProducción
_965400
700 _aI. Cruz Espinoza, Francisco
_9142839
901 _aTESIS C 1951
902 _aM
910 _a2006
942 _c2
942 _c2
999 _c168509
_d168509